000 00721nam a2200229Ia 4500
003 OSt
005 20220926001327.0
006 a|||||r|||| 00| 0
007 ta
008 220923b |||||||| |||| 00| 0 eng d
037 _cGeneral Book
040 _aRTL
_cRTL
_beng
041 _2eng
_aeng
082 _aX71:8F.2.N87<N86r, M7/GD
110 _aINDIA, TRANSPORT (Ministry of-)
_9260198
245 0 _aPublic accounts committee 1986-87
_b Hundred and second report.
260 _a New Delhi
_bLok Sabha secretariat
_c1987
300 _av,19p.
_ccm.
700 _aINDIA, TRANSPORT (Ministry of-)
_9260199
942 _hX71:8F.2.N87<N86r, M7/GD
_cGB
_2CC
999 _c601304
_d601304